| 000 | 00334nam a22001217a 4500 | ||
|---|---|---|---|
| 082 |
_a940.54 _bLUC _cL-30-II, P-148 |
||
| 100 |
_aJames, Lucas _946244 |
||
| 245 |
_aPanzer Army Africa _cJames, Lucas |
||
| 260 |
_aDehra Dun _bNatraj _cc1977 |
||
| 300 |
_ap 211, _bill _c18cm |
||
| 526 |
_a0 _b0 _c0 _d940_540000000000000_LUC |
||
| 942 |
_2ddc _cBK |
||
| 999 |
_c549605 _d549605 |
||